000 00681nam a2200169 a 4500
008 201203s2019 ||||||||||||||||| || u
020 _a9781510457874
050 _aE 185.61 San
100 _aSanders, Vivienne
245 1 0 _aCivil rights and race relations in the USA 1850 - 2009 for Pearson edexcel (2nd edition)
_cBy Vivienne Sanders
250 _a2nd edition
260 _aLondon
_bHodder Education
_c2019
300 _avi, 258 pages: illustrations
350 _a35.29
650 _aCIVIL RIGHT--UNITED STATES
995 _FCBU-MAIN LIBRARY (Kitwe)
_I35.29
_M1
_UAVAILABLE
_WDec 10, 2020
_ZMain Library Open Access Collection
999 _c37505
_d37505